• 首页
  • 本馆介绍
  • 公告通知
  • 最新文献
  • 馆藏检索
  • 电子资源
  • 读者导购
  • 参考咨询
  • 我的图书馆
  • 登录
  • 详细信息显示
  • 放入我的书架
  • 预约/预借图书
  • 作者相关作品
  • 分类相关作品
  • 丛书相关作品
  • 出版社相关作品

书目信息

  • 表格格式
  • 工作单格式
  • 卡片格式
题名:
模拟集成电路
    
 
作者: 赫彼 著 ;谢瑞和 译
分册:  
出版信息: 北京   高等教育出版社  1984
页数: 546页
开本: 21cm
丛书名:
单 册:
中图分类: TN431.1
科图分类:
主题词: 模拟集成电路
电子资源:
ISBN:
000 00777nam0 2200277 45
001 0184016374
005 20040519155322.2
010    @dCNY4.40
091    @a15010.0503
100    @a19950606d1984 emky0chiy0121 ea
101 1  @achi@ceng
102    @aCN@b110000
105    @ay z 000yy
106    @ar
200 10 @a模拟集成电路@Amo ni ji cheng dian lu@f(匈)M.赫彼著@g谢瑞和译
210    @a北京@c高等教育出版社@d1984
215    @a546页@d21cm
300    @a书名原文:Analog integrated circuits
510 1  @aAnalog integrated circuits@zeng
606    @a模拟集成电路
690    @aTN431.1@v3 
701  1 @a赫彼@Ahe bi@bM.@4著
702  0 @a谢瑞和@Axie rui he@4译
801  0 @aCN@b上海图书馆@c20040519
801  2 @aCN@bNLC@c20040519
905    @f1@b135113@dTN431.1@e39
    
    模拟集成电路/(匈)M.赫彼著/谢瑞和译.-北京:高等教育出版社,1984
    546页;21cm
    书名原文:Analog integrated circuits
    
    ISBN :CNY4.40
    
●
相关链接 在E读中查询图书 在五车中查询图书 在当当中查询图书 在豆瓣中查询图书


正题名:模拟集成电路     索取号:TN431.1/39         预约/预借

序号 登录号 条形码 馆藏地/架位号 状态 备注
1 0135113   001353467   第三借阅区/ [索取号:TN431.1/39] 在馆    
2 0135114   202106238   第二样本阅览室/ [索取号:TN431.1/39] 在馆    
唐山师范学院图书馆 欢迎您!
大连网信软件有限公司© 版权所有